000 01843nam a2200457 c 4500
001 21685
003 ES-MaCES
005 20181008114955.0
008 081212s2008 sp d o100 | spa d
017 _aM 32607-2008
_bDL
020 _a9788484172987
024 7 _a201-08-116-7
_2nipo
035 _aCES20080012564m
040 _aES-MaCES
_bspa
_cES-MaCES
100 1 _919366
_aMuñoz de Bustillo, Rafael
245 1 3 _aEl trabajo a tiempo parcial en España en el contexto de la Unión Europea
_b: características, condiciones de trabajo y perspectivas
_cRafael Muñoz de Bustillo Llorente, Enrique Fernández Macías, José Ignacio Antón Pérez
260 _aMadrid
_bSubdirección General de Información Administrativa y Publicaciones, Ministerio de Trabajo e Inmigración
_c[2008]
300 _a259 p., [1 h.]
_bgráf. bl. y n.
_c22 cm
490 1 _aColección Informes y estudios. Serie Empleo
_v36
504 _aBibliografía: p. 251-254
541 _cGratuito
650 4 _aempleo a tiempo parcial
_926772
650 4 _acondiciones de trabajo
_928327
650 4 _acondiciones de empleo
_930040
650 4 _asalario
_928387
650 4 _aoferta de mano de obra
_928294
650 4 _anecesidad de mano de obra
_928296
650 4 _asatisfacción en el trabajo
_928342
650 4 _aEspaña
_926964
650 4 _acomparación
_928892
653 1 0 _aEmpleo
650 4 _929020
_apaís de la UE
650 4 _926752
_aUE
700 1 _aFernández Macías, Enrique
_911906
700 1 _aAntón Pérez, José Ignacio
_96367
710 1 _aEspaña
_bMinisterio de Trabajo e Inmigración
_eed.
_93272
830 0 _aColección Informes y estudios (España. Ministerio de Trabajo e Inmigración)
_pSerie Empleo
_v36
_934423
902 _aLIB Libro
942 _2CES
_cBK
_h2.1.
999 _c21685
_d21685